<?xml version="1.0" encoding="UTF-8"?><marc:collection xmlns:marc="http://www.loc.gov/MARC21/slim">
  <marc:record>
    <marc:leader>00000nam  2200000za 4500</marc:leader>
    <marc:controlfield tag="001">9.848993</marc:controlfield>
    <marc:controlfield tag="003">CaOODSP</marc:controlfield>
    <marc:controlfield tag="005">20221107153819</marc:controlfield>
    <marc:controlfield tag="007">cr |||||||||||</marc:controlfield>
    <marc:controlfield tag="008">171218s2018    onca    ob   f000 0 fre d</marc:controlfield>
    <marc:datafield tag="020" ind1=" " ind2=" ">
      <marc:subfield code="a">9780660243146</marc:subfield>
      <marc:subfield code="z">9780660243153</marc:subfield>
    </marc:datafield>
    <marc:datafield tag="040" ind1=" " ind2=" ">
      <marc:subfield code="a">CaOODSP</marc:subfield>
      <marc:subfield code="b">fre</marc:subfield>
    </marc:datafield>
    <marc:datafield tag="043" ind1=" " ind2=" ">
      <marc:subfield code="a">n-cn---</marc:subfield>
    </marc:datafield>
    <marc:datafield tag="086" ind1="1" ind2=" ">
      <marc:subfield code="a">En49-7/1-10-2017F-PDF</marc:subfield>
      <marc:subfield code="z">En49-7/1-10-2017F</marc:subfield>
    </marc:datafield>
    <marc:datafield tag="100" ind1="1" ind2=" ">
      <marc:subfield code="a">Miller, Jennifer A. </marc:subfield>
      <marc:subfield code="q">(Jennifer Ann), </marc:subfield>
      <marc:subfield code="d">1964-</marc:subfield>
    </marc:datafield>
    <marc:datafield tag="245" ind1="1" ind2="0">
      <marc:subfield code="a">Méthode d’essai biologique </marc:subfield>
      <marc:subfield code="h">[ressource électronique] : </marc:subfield>
      <marc:subfield code="b">méthode de référence pour la détermination de la létalité aiguë à l’aide de l’épinoche à trois épines / </marc:subfield>
      <marc:subfield code="c">Unité de l’élaboration et de l’application des méthodes, Direction générale des sciences et de la technologie, Environnement et changement climatique Canada.</marc:subfield>
    </marc:datafield>
    <marc:datafield tag="246" ind1="3" ind2="0">
      <marc:subfield code="a">Méthode de référence pour la détermination de la létalité aiguë à l’aide de l’épinoche à trois épines</marc:subfield>
    </marc:datafield>
    <marc:datafield tag="250" ind1=" " ind2=" ">
      <marc:subfield code="a">2e éd. déc. 2017.</marc:subfield>
    </marc:datafield>
    <marc:datafield tag="260" ind1=" " ind2=" ">
      <marc:subfield code="a">Ottawa : </marc:subfield>
      <marc:subfield code="b">Environnement et changement climatique Canada, </marc:subfield>
      <marc:subfield code="c">c2018.</marc:subfield>
    </marc:datafield>
    <marc:datafield tag="300" ind1=" " ind2=" ">
      <marc:subfield code="a">xiv, 44 p. : </marc:subfield>
      <marc:subfield code="b">ill. (certaines en coul.)</marc:subfield>
    </marc:datafield>
    <marc:datafield tag="490" ind1="1" ind2=" ">
      <marc:subfield code="a">Méthode de référence ; </marc:subfield>
      <marc:subfield code="v">SPE 1/RM/10</marc:subfield>
    </marc:datafield>
    <marc:datafield tag="500" ind1=" " ind2=" ">
      <marc:subfield code="a">Publ. aussi en anglais sous le titre : Biological test method: reference method for determining acute lethality using threespine stickleback.</marc:subfield>
    </marc:datafield>
    <marc:datafield tag="500" ind1=" " ind2=" ">
      <marc:subfield code="a">Préparée par : Jennifer Miller. Cf. Remerciements.</marc:subfield>
    </marc:datafield>
    <marc:datafield tag="504" ind1=" " ind2=" ">
      <marc:subfield code="a">Comprend des références bibliographiques (p. 31-33).</marc:subfield>
    </marc:datafield>
    <marc:datafield tag="520" ind1="3" ind2=" ">
      <marc:subfield code="a">« Le présent document décrit des méthodes normalisées ou de référence explicites pour mesurer la toxicité létale aiguë d’effluents chez l’épinoche à trois épines vivant en milieu marin ou estuarien (Gasterosteus aculeatus). Des instructions précises sont fournies pour effectuer des analyses de la létalité aiguë avec des échantillons d’effluents dont la salinité est supérieure à 10 g/kg et qui se déversent directement dans des eaux réceptrices marines ou estuariennes. Cette deuxième édition du document remplace la première édition de la méthode d’essai biologique SPE 1/RM/10 (EC, 1990a) qui a été publiée en juillet 1990 puis modifiée en mars 2000. Elle remplace cette version antérieure et constitue la méthode de référence d’Environnement et Changement climatique Canada (auparavant Environnement Canada) à utiliser pour déterminer la létalité aiguë des effluents chez l’épinoche à trois épines » -- Résumé, p. ii.</marc:subfield>
    </marc:datafield>
    <marc:datafield tag="530" ind1=" " ind2=" ">
      <marc:subfield code="a">Également publ. en version imprimée.</marc:subfield>
    </marc:datafield>
    <marc:datafield tag="692" ind1="0" ind2="7">
      <marc:subfield code="2">gccst</marc:subfield>
      <marc:subfield code="a">Pollution de l'eau</marc:subfield>
    </marc:datafield>
    <marc:datafield tag="692" ind1="0" ind2="7">
      <marc:subfield code="2">gccst</marc:subfield>
      <marc:subfield code="a">Qualité de l'eau</marc:subfield>
    </marc:datafield>
    <marc:datafield tag="692" ind1="0" ind2="7">
      <marc:subfield code="2">gccst</marc:subfield>
      <marc:subfield code="a">Épreuve biologique</marc:subfield>
    </marc:datafield>
    <marc:datafield tag="692" ind1="0" ind2="7">
      <marc:subfield code="2">gccst</marc:subfield>
      <marc:subfield code="a">Toxicologie</marc:subfield>
    </marc:datafield>
    <marc:datafield tag="693" ind1=" " ind2="4">
      <marc:subfield code="a">Épinoche à trois épines</marc:subfield>
    </marc:datafield>
    <marc:datafield tag="693" ind1=" " ind2="4">
      <marc:subfield code="a">Eaux usées--Qualité</marc:subfield>
    </marc:datafield>
    <marc:datafield tag="710" ind1="2" ind2=" ">
      <marc:subfield code="a">Centre des sciences et technologies environnementales (Canada). </marc:subfield>
      <marc:subfield code="b">Unité de l'élaboration et de l'application des méthodes.</marc:subfield>
    </marc:datafield>
    <marc:datafield tag="710" ind1="1" ind2=" ">
      <marc:subfield code="a">Canada. </marc:subfield>
      <marc:subfield code="b">Environnement et changement climatique Canada.</marc:subfield>
    </marc:datafield>
    <marc:datafield tag="775" ind1="0" ind2="8">
      <marc:subfield code="t">Biological test method </marc:subfield>
      <marc:subfield code="w">(CaOODSP)9.848989</marc:subfield>
    </marc:datafield>
    <marc:datafield tag="776" ind1="0" ind2="#">
      <marc:subfield code="t">Méthode d'essai biologique : </marc:subfield>
      <marc:subfield code="w">(CaOODSP)9.848994</marc:subfield>
    </marc:datafield>
    <marc:datafield tag="795" ind1=" " ind2=" ">
      <marc:subfield code="t">Méthode d'essai biologique - essai de létalité aiguë sur l'épinoche à trois épines </marc:subfield>
      <marc:subfield code="w">(CaOODSP)9.606933</marc:subfield>
    </marc:datafield>
    <marc:datafield tag="830" ind1="#" ind2="0">
      <marc:subfield code="a">Série de la Protection de l'environnement. [Méthodes de référence]</marc:subfield>
      <marc:subfield code="v">SPE 1/RM/10.</marc:subfield>
      <marc:subfield code="w">(CaOODSP)9.501305</marc:subfield>
    </marc:datafield>
    <marc:datafield tag="856" ind1="4" ind2="0">
      <marc:subfield code="q">PDF</marc:subfield>
      <marc:subfield code="s">1.14 Mo</marc:subfield>
      <marc:subfield code="u">https://publications.gc.ca/collections/collection_2018/eccc/En49-7-1-10-2017-fra.pdf</marc:subfield>
    </marc:datafield>
  </marc:record>
</marc:collection>
